000 00836cam a22002773a 4500
001 31801
003 PGUSA
005 20140828083704.0
008 100328s2010||||xxu|||||s|||||000 1 eng d
040 _aPGUSA
_beng
042 _adc
050 4 _aPS
100 1 _aMurfree, Mary Noailles,
_d1850-1922
245 1 4 _aThe Story of Old Fort Loudon
_h[electronic resource] /
_cMary Noailles Murfree
260 _bProject Gutenberg,
_c2010
506 _aPublic domain in the USA.
516 _aElectronic text
653 _aPioneers -- Tennessee -- Fiction
653 _aCherokee Indians -- Wars, 1759-1761 -- Fiction
653 _aWar stories
653 _aHistorical fiction
700 1 _aPeixotto, Ernest C.,
_d1869-1940
830 0 _aProject Gutenberg
_v31801
856 4 0 _uhttp://www.gutenberg.org/ebooks/31801
942 _cEB
999 _c261056
_d261056